O niektorých špecifických otázkach finančnej analýzy obchodných organizácií
Charakteristika a hospodárske výsledky modelovej obchodnej organizácie. Prvým krokom finančnej analýzy je výpočet a analýza finančných ukazovateľov podniku. Ukazovatele likvidity. Ukazovatele manažmentu aktív a pasív. Ukazovatele ziskovosti. Ukazovatele trhovej hodnoty.
Guardado en:
| Autor principal: | |
|---|---|
| Formato: | Capítulo de libro |
| Lenguaje: | eslovaco |
| Materias: | |
| Etiquetas: |
Sin Etiquetas, Sea el primero en etiquetar este registro!
|
MARC
| LEADER | 00000naa a2200000 4500 | ||
|---|---|---|---|
| 001 | r021676 | ||
| 005 | 20230918074204.8 | ||
| 041 | 0 | |a slo | |
| 044 | |a SK | ||
| 245 | 1 | 0 | |a O niektorých špecifických otázkach finančnej analýzy obchodných organizácií |c E. Trenčianska |
| 520 | |a Charakteristika a hospodárske výsledky modelovej obchodnej organizácie. Prvým krokom finančnej analýzy je výpočet a analýza finančných ukazovateľov podniku. Ukazovatele likvidity. Ukazovatele manažmentu aktív a pasív. Ukazovatele ziskovosti. Ukazovatele trhovej hodnoty. | ||
| 610 | 2 | 0 | |a organizácie obchodné |
| 610 | 2 | 0 | |a analýza finančná |
| 610 | 2 | 0 | |a aktíva |
| 610 | 2 | 0 | |a pasíva |
| 610 | 2 | 0 | |a výsledok hospodársky |
| 610 | 2 | 0 | |a ukazovatele finančné |
| 610 | 2 | 0 | |a manažment finančný |
| 610 | 2 | 0 | |a zisk |
| 610 | 2 | 0 | |a likvidita |
| 100 | 1 | |a Trenčianska, Elena | |